000 00311nam a2200121Ia 4500
008 190802s9999 xx 000 0 und d
020 _a13:978-93-5260-212-4
100 _aFrank D.Petruzella
245 0 _aProgrammable logic Controllers
260 _aIndia
_bMc Graw Hill
_c2017
300 _a396:p
942 _cBK
999 _c2267
_d2267